Invetigaciones programa alimentación escolar (Record no. 8796)
[ view plain ]
| 000 -LEADER | |
|---|---|
| campo de control de longitud fija | 00429nam a2200133Ia 4500 |
| 001 - NÚMERO DE CONTROL | |
| campo de control | 3202 |
| 008 - DATOS DE LONGITUD FIJA--INFORMACIÓN GENERAL | |
| campo de control de longitud fija | 241024s9999 xx 000 0 und d |
| 082 ## - NÚMERO DE LA CLASIFICACIÓN DECIMAL DEWEY | |
| Número de clasificación | RD/371.716/R426inv/2010 |
| 100 ## - ENTRADA PRINCIPAL--NOMBRE DE PERSONA | |
| Nombre de persona | República Dominicana. Ministerio de Educación. Dirección General de Bienestar Estudiantil |
| 245 #0 - MENCIÓN DEL TÍTULO | |
| Título | Invetigaciones programa alimentación escolar |
| 260 ## - PUBLICACIÓN, DISTRIBUCIÓN, ETC. | |
| Nombre del editor, distribuidor, etc. | Santo Domingo |
| Fecha de publicación, distribución, etc. | 2010 |
| 901 ## - ELEMENTOS DE DATOS A LOCAL LDA (RLIN) | |
| a | 5/9/2013 8:50:48 a.m. |
No items available.